[Event "PRO League Group Stage"]
[Site "chess.com INT"]
[Date "2020.01.15"]
[Round "2"]
[White "Li, Di"]
[Black "Petrosian, Tigran L."]
[Result "1/2-1/2"]
[WhiteTitle "GM"]
[BlackTitle "GM"]
[WhiteElo "2562"]
[BlackElo "2601"]
[WhiteTeam "China Pandas"]
[BlackTeam "Armenia Eagles"]
[WhiteFideId "8607508"]
[BlackFideId "13301616"]
[EventDate "2020.01.06"]

1. d4 d6 2. e4 g6 3. Nf3 Bg7 4. Bd3 Nf6 5. O-O O-O 6. Re1 Nc6 7. c3 e5 8. h3 h6
9. a3 Nh5 10. Be3 Bd7 11. Qc1 Kh7 12. Nbd2 Qf6 13. Bf1 Nf4 14. Qc2 a6 15. Rad1
Rad8 16. d5 Ne7 17. c4 g5 18. c5 Neg6 19. Nh2 h5 20. Nc4 dxc5 21. Bxc5 Rh8 22.
Ne3 g4 23. Nf5 gxh3 24. g3 Ng2 25. Bxg2 hxg2 26. Nf3 h4 27. Be3 hxg3 28. fxg3
Bxf5 29. exf5 Ne7 30. Bg5 Qxf5 31. Qxf5+ Nxf5 32. Bxd8 Rxd8 33. Nxe5 Nxg3 34.
Kxg2 Nf5 35. Nxf7 Rg8 36. Ng5+ Kg6 37. Ne6 Bxb2 38. Kf3 Kf6 39. Nxc7 Be5 40. d6
Nxd6 41. Nd5+ Ke6 42. Nf4+ Kf5 43. Rxe5+ Kxe5 44. Rd5+ Kf6 45. Rxd6+ Ke5 46.
Rd5+ Kf6 47. Ke4 Ke7 48. Rd3 Rg5 49. Rb3 b5 50. Rh3 a5 51. Rh6 Rg3 52. Nd3 Rg4+
53. Ke5 Ra4 54. Rh7+ Kd8 55. Nc5 Rxa3 56. Kd6 Ke8 57. Nd7 Ra1 58. Ke6 Kd8 59.
Nf6 b4 60. Kd6 Rd1+ 61. Nd5 Ke8 62. Ke6 Re1+ 63. Kd6 b3 64. Rb7 a4 65. Nc3 Ra1
66. Nxa4 Rxa4 67. Rxb3 1/2-1/2

[Event "PRO League Group Stage"]
[Site "chess.com INT"]
[Date "2020.01.15"]
[Round "2"]
[White "Li, Chao b"]
[Black "Andriasian, Zaven"]
[Result "0-1"]
[WhiteTitle "GM"]
[BlackTitle "GM"]
[WhiteElo "2683"]
[BlackElo "2611"]
[WhiteTeam "China Pandas"]
[BlackTeam "Armenia Eagles"]
[WhiteFideId "8604436"]
[BlackFideId "13302000"]
[EventDate "2020.01.06"]

1. e4 e5 2. Nf3 Nc6 3. Bc4 Nf6 4. d3 Bc5 5. c3 d6 6. b4 Bb6 7. a4 a6 8. Na3 h6
9. Bb3 O-O 10. Nc4 Ba7 11. Be3 Bxe3 12. Nxe3 Be6 13. Bxe6 fxe6 14. O-O Ne7 15.
Qb3 Qd7 16. Rfd1 Ng6 17. Ra2 Qf7 18. a5 Nf4 19. Ne1 Rae8 20. g3 Qg6 21. N1g2
Nh3+ 22. Kf1 Ng4 23. Nxg4 Qxg4 24. Rdd2 Rf6 25. Re2 Ref8 26. d4 Ng5 27. dxe5
dxe5 28. Qc4 Qh3 29. Re3 Qxh2 30. f4 exf4 31. Nxf4 Rxf4+ 32. gxf4 Qxf4+ 33. Kg1
Qxe3+ 0-1

[Event "PRO League Group Stage"]
[Site "chess.com INT"]
[Date "2020.01.15"]
[Round "2"]
[White "Petrosian, Tigran L."]
[Black "Wen, Yang"]
[Result "1/2-1/2"]
[WhiteTitle "GM"]
[BlackTitle "GM"]
[WhiteElo "2601"]
[BlackElo "2594"]
[WhiteTeam "Armenia Eagles"]
[BlackTeam "China Pandas"]
[WhiteFideId "13301616"]
[BlackFideId "8602956"]
[EventDate "2020.01.06"]

1. Nf3 d5 2. g3 g6 3. c4 dxc4 4. Na3 Bg7 5. Nxc4 Nc6 6. d3 e5 7. Bd2 Nge7 8. Bg2
O-O 9. O-O a5 10. Bc3 f6 11. b3 Be6 12. Bb2 Qd7 13. Re1 Rfd8 14. Qc2 Nb4 15. Qc1
Nbc6 16. Rd1 a4 17. Nfd2 Bd5 18. Ne4 axb3 19. axb3 b6 20. Rxa8 Rxa8 21. h4 h6
22. Qc2 f5 23. Ne3 Bf7 24. Nd2 Ra7 25. Bc3 Nd4 26. Bxd4 exd4 27. Nef1 Nd5 28.
Bxd5 Bxd5 29. Nf3 c6 30. N1d2 f4 31. Kg2 fxg3 32. fxg3 Qg4 33. Ne4 Re7 34. b4
Kh7 35. Nf2 Qe6 36. Ne4 Qg4 37. Nf2 Qf5 38. Ne4 Bxe4 39. dxe4 Rxe4 40. h5 Rg4
41. Qxf5 gxf5 42. Rc1 Re4 43. Rxc6 Rxe2+ 44. Kf1 d3 45. Rxb6 Re3 46. Kg2 Bc3 47.
Rb7+ Kg8 48. Rd7 Bxb4 49. Rd4 Bc3 50. Rd7 d2 51. Kf2 Re1 52. Nxd2 Rd1 53. Ke2
Rxd2+ 54. Rxd2 Bxd2 55. Kxd2 Kf7 56. Ke3 Ke6 57. Kf4 Kf6 58. g4 fxg4 59. Kxg4
Ke5 1/2-1/2

[Event "PRO League Group Stage"]
[Site "chess.com INT"]
[Date "2020.01.15"]
[Round "2"]
[White "Sadhwani, Raunak"]
[Black "Li, Di"]
[Result "1/2-1/2"]
[WhiteTitle "IM"]
[BlackTitle "GM"]
[WhiteElo "2522"]
[BlackElo "2562"]
[WhiteTeam "Armenia Eagles"]
[BlackTeam "China Pandas"]
[WhiteFideId "35093487"]
[BlackFideId "8607508"]
[EventDate "2020.01.06"]

1. Nf3 d5 2. g3 c6 3. Bg2 Bg4 4. c4 e6 5. cxd5 Bxf3 6. Bxf3 cxd5 7. d4 Nc6 8.
O-O Nf6 9. b3 Bd6 10. Bb2 Qe7 11. e3 O-O 12. a3 Rfc8 13. b4 Nb8 14. Nd2 Nbd7 15.
Be2 a5 16. bxa5 Rxa5 17. Nb3 Raa8 18. a4 Nb6 19. Bb5 Nc4 20. Qe2 Ne4 21. Rfc1 1/2-1/2

[Event "PRO League Group Stage"]
[Site "chess.com INT"]
[Date "2020.01.15"]
[Round "2"]
[White "Praggnanandhaa, R"]
[Black "Movsesian, Sergei"]
[Result "0-1"]
[WhiteTitle "GM"]
[BlackTitle "GM"]
[WhiteElo "2602"]
[BlackElo "2641"]
[WhiteTeam "India Yogis"]
[BlackTeam "Israel Counsellors"]
[WhiteFideId "25059530"]
[BlackFideId "310204"]
[EventDate "2020.01.06"]

1. Nf3 d5 2. g3 c6 3. Bg2 Bg4 4. O-O Nd7 5. d3 Ngf6 6. c4 e6 7. cxd5 exd5 8. Qb3
Nc5 9. Qc2 Be7 10. Nc3 O-O 11. h3 Bh5 12. Nd4 Bg6 13. Rd1 Re8 14. e4 Bd6 15. Bg5
h6 16. Bh4 Be7 17. Nb3 Ncd7 18. Re1 Rc8 19. f4 Bh7 20. e5 Nh5 21. Bxe7 Qxe7 22.
Qf2 Bxd3 23. g4 Nxf4 24. Qxf4 Nxe5 25. Re3 f6 26. Rae1 Bg6 27. h4 Qc7 28. g5
hxg5 29. hxg5 Qf7 30. gxf6 gxf6 31. Nd4 Nd3 32. Rxe8+ Rxe8 33. Rxe8+ Qxe8 34.
Qg3 Nxb2 35. Bh3 Nc4 36. Be6+ Kf8 37. Qf4 Qe7 38. Qb8+ Be8 39. Qg3 Qg7 40. Qxg7+
Kxg7 41. Nce2 Kf8 42. Nf4 Ne5 43. Bc8 b5 44. Kf2 Ke7 45. Nf5+ Kd8 46. Be6 Kc7
47. Ke3 a5 48. Ng7 Bg6 49. Nxg6 Nxg6 50. Bf5 Ne7 51. Bd3 Kd6 52. Ne8+ Ke5 53.
Nc7 f5 54. Ne8 f4+ 55. Kf3 b4 56. Ng7 c5 57. Nh5 c4 58. Bb1 a4 59. Nxf4 d4 60.
Ng2 Nd5 61. Nh4 Nc3 62. Bc2 b3 63. axb3 cxb3 64. Ng6+ Kd6 65. Bd3 a3 0-1

[Event "PRO League Group Stage"]
[Site "chess.com INT"]
[Date "2020.01.15"]
[Round "2"]
[White "Aravindh, Chithambaram VR."]
[Black "Rodshtein, Maxim"]
[Result "1-0"]
[WhiteTitle "GM"]
[BlackTitle "GM"]
[WhiteElo "2630"]
[BlackElo "2628"]
[WhiteTeam "India Yogis"]
[BlackTeam "Israel Counsellors"]
[WhiteFideId "5072786"]
[BlackFideId "2806851"]
[EventDate "2020.01.06"]

1. d4 Nf6 2. Nf3 e6 3. c4 d5 4. Bg5 h6 5. Bxf6 Qxf6 6. e3 g6 7. Nbd2 Bg7 8. Bd3
O-O 9. O-O Qe7 10. Rc1 c6 11. Ne5 c5 12. cxd5 exd5 13. f4 cxd4 14. exd4 Nc6 15.
Ndf3 Qb4 16. Bc2 Ne7 17. Bb3 Be6 18. Re1 Rac8 19. Qe2 Nf5 20. Qf2 Rxc1 21. Rxc1
Nd6 22. Nd3 Qb6 23. Nfe5 Ne4 24. Qe3 a5 25. h3 Qa6 26. a3 Qb5 27. Nc5 Nxc5 28.
Rxc5 Qb6 29. Qc3 Rd8 30. Qxa5 Qxa5 31. Rxa5 b6 32. Ra6 Rb8 33. Kf2 Bf8 34. Ke3
Kg7 35. g4 h5 36. Ra7 hxg4 37. hxg4 Kg8 38. f5 gxf5 39. gxf5 Bh6+ 40. Kf3 Bxf5
41. Bxd5 Bc1 42. Rxf7 1-0

[Event "PRO League Group Stage"]
[Site "chess.com INT"]
[Date "2020.01.15"]
[Round "2"]
[White "Fridman, Daniel"]
[Black "Narayanan, S.L."]
[Result "0-1"]
[WhiteTitle "GM"]
[BlackTitle "GM"]
[WhiteElo "2622"]
[BlackElo "2637"]
[WhiteTeam "Israel Counsellors"]
[BlackTeam "India Yogis"]
[WhiteFideId "11600454"]
[BlackFideId "5058422"]
[EventDate "2020.01.06"]

1. d4 Nf6 2. Nf3 g6 3. g3 c5 4. c3 b6 5. Bg2 Bb7 6. O-O Bg7 7. Bg5 O-O 8. Nbd2
d6 9. Re1 h6 10. Bxf6 Bxf6 11. e4 cxd4 12. cxd4 Bg7 13. Nb3 a5 14. Qd2 a4 15.
Nc1 Nc6 16. Rb1 b5 17. b3 Qa5 18. b4 Qb6 19. Ne2 e6 20. a3 Rac8 21. Rbc1 Rc7 22.
d5 exd5 23. exd5 Ne7 24. Rxc7 Qxc7 25. Nf4 Rc8 26. Nd4 Bxd4 27. Qxd4 Nf5 28. Qf6
Qd8 29. Qa1 Rc7 30. Bh3 Ng7 31. Qd4 g5 32. Nd3 Rc4 33. Qa7 Bxd5 34. Nb2 Qf6 35.
Nxc4 Qf3 36. Kf1 Bxc4+ 37. Kg1 Bd5 38. Kf1 g4 39. Qe3 Bc4+ 40. Kg1 Qxe3 41. Rxe3
gxh3 42. f3 Ne6 43. Kf2 d5 44. f4 Kg7 45. Re5 Nd4 46. Re3 h5 47. Rc3 Nf5 48. Rc1
d4 49. Re1 d3 50. Re5 d2 0-1

[Event "PRO League Group Stage"]
[Site "chess.com INT"]
[Date "2020.01.15"]
[Round "2"]
[White "Avrukh, Boris"]
[Black "Adhiban, Baskaran"]
[Result "0-1"]
[WhiteTitle "GM"]
[BlackTitle "GM"]
[WhiteElo "2567"]
[BlackElo "2654"]
[WhiteTeam "Israel Counsellors"]
[BlackTeam "India Yogis"]
[WhiteFideId "2803895"]
[BlackFideId "5018471"]
[EventDate "2020.01.06"]

1. d4 Nf6 2. c4 d6 3. Nf3 g6 4. Nc3 Bf5 5. g3 Ne4 6. Bd2 Nxd2 7. Qxd2 Bg7 8. Bg2
O-O 9. O-O Nc6 10. Rac1 e5 11. d5 Ne7 12. e4 Bd7 13. b4 a5 14. a3 axb4 15. axb4
Kh8 16. c5 Ng8 17. Ne1 f5 18. Nd3 f4 19. Qe2 Qf6 20. Ne1 Bh6 21. Rc2 Ra3 22. Bf3
Bh3 23. Bg2 f3 24. Qxf3 Qxf3 25. Nxf3 Bd7 26. Rb1 Nf6 27. Ne1 Ng4 28. Nd3 Ba4
29. Nxa4 Rxd3 30. Rf1 Nxf2 31. Nb2 Rd4 32. Nc4 Nd3 33. Rxf8+ Bxf8 34. c6 b5 35.
Na3 Rxb4 36. Bf1 Ne1 37. Rf2 Bh6 38. Rf7 Kg8 39. Rxc7 Rb2 40. Bh3 Nf3+ 41. Kf1
Be3 42. Be6+ Kh8 43. Rc8+ Kg7 0-1

[Event "PRO League Group Stage"]
[Site "chess.com INT"]
[Date "2020.01.15"]
[Round "2"]
[White "Hoang, Thanh Trang"]
[Black "Michalik, Peter"]
[Result "1-0"]
[WhiteTitle "GM"]
[BlackTitle "GM"]
[WhiteElo "2424"]
[BlackElo "2595"]
[WhiteTeam "Hungary Hunters"]
[BlackTeam "Croatia Bulldogs"]
[WhiteFideId "12400149"]
[BlackFideId "14907526"]
[EventDate "2020.01.06"]

1. d4 Nf6 2. Nf3 e6 3. Bf4 b6 4. e3 Bb7 5. Bd3 Be7 6. h3 O-O 7. O-O c5 8. c3 d6
9. Bh2 Nbd7 10. Nbd2 cxd4 11. exd4 Re8 12. Re1 a6 13. a4 Qc7 14. Qe2 Nf8 15. Ne4
Nxe4 16. Bxe4 Ng6 17. Bxb7 Qxb7 18. Qd3 b5 19. axb5 axb5 20. Nd2 d5 21. b4 Ra4
22. Nb3 Rea8 23. Na5 Rxa1 24. Rxa1 Qd7 25. Nb3 Rxa1+ 26. Nxa1 Qa7 27. Nb3 Qa4
28. Qb1 Qa3 29. Bc7 Nf8 30. Bb6 Nd7 31. Bc5 Bg5 32. Qc2 Nb8 33. g3 h6 34. h4 Bf6
35. Nc1 Qa1 36. Kg2 Nc6 37. Nd3 g5 38. hxg5 hxg5 39. Qc1 Qa4 40. Ne1 Qa2 41. Nf3
g4 42. Nh2 Qe2 43. Qf4 Bg7 44. Nxg4 Qe4+ 45. Qxe4 dxe4 46. Ne3 f5 47. Nc2 e5 48.
d5 Nb8 49. Na3 f4 50. Nxb5 Nd7 51. c4 Nf6 52. Nc3 Bh6 53. Be7 f3+ 54. Kf1 1-0

[Event "PRO League Group Stage"]
[Site "chess.com INT"]
[Date "2020.01.15"]
[Round "2"]
[White "Prohaszka, Peter2"]
[Black "Le, Tuan Minh"]
[Result "0-1"]
[WhiteTitle "GM"]
[BlackTitle "IM"]
[WhiteElo "2587"]
[BlackElo "2501"]
[WhiteTeam "Hungary Hunters"]
[BlackTeam "Croatia Bulldogs"]
[WhiteFideId "726265"]
[BlackFideId "12401153"]
[EventDate "2020.01.06"]

1. d4 d5 2. c4 c6 3. Nf3 Nf6 4. Nc3 a6 5. cxd5 cxd5 6. Bf4 Nc6 7. Rc1 Bf5 8. Ne5
Rc8 9. e3 Nxe5 10. Bxe5 Nd7 11. Bg3 e6 12. Be2 Be7 13. O-O O-O 14. Bd3 Bxd3 15.
Qxd3 Qa5 16. Rc2 Rc6 17. a3 Rfc8 18. Rfc1 Nb6 19. f3 Nc4 20. Be1 Qb6 21. Qe2 h6
22. Nd1 Bg5 23. f4 Bf6 24. Nf2 Qb5 25. Nd1 Nxa3 26. Qxb5 Nxb5 27. Rxc6 Rxc6 28.
Rxc6 bxc6 29. Bb4 Bd8 30. Nf2 f6 31. Nd3 Kf7 32. Nc5 Nd6 33. Nxa6 Nc4 34. Kf2
Nxb2 35. Ke2 Be7 36. Bxe7 Kxe7 37. Nb8 Kd6 38. Na6 Na4 39. g4 c5 40. dxc5+ Nxc5
41. Nb4 Ne4 42. Nc2 e5 43. fxe5+ fxe5 44. Nb4 Nf6 45. Kf3 Nd7 46. g5 h5 47. h4
Nc5 48. Kg3 Ne6 49. Kf3 e4+ 50. Kg3 g6 51. Na6 Ng7 52. Nb4 Nf5+ 53. Kf2 Nxh4 54.
Na2 Nf3 55. Nc3 Nxg5 56. Ne2 Ne6 57. Kg3 Ke5 58. Kh4 d4 59. exd4+ Nxd4 60. Ng3
Nf5+ 0-1

[Event "PRO League Group Stage"]
[Site "chess.com INT"]
[Date "2020.01.15"]
[Round "2"]
[White "Livaic, Leon"]
[Black "Banusz, Tamas"]
[Result "0-1"]
[WhiteTitle "IM"]
[BlackTitle "GM"]
[WhiteElo "2495"]
[BlackElo "2620"]
[WhiteTeam "Croatia Bulldogs"]
[BlackTeam "Hungary Hunters"]
[WhiteFideId "14531534"]
[BlackFideId "722413"]
[EventDate "2020.01.06"]

1. d4 d5 2. c4 c6 3. cxd5 cxd5 4. Bf4 Nf6 5. e3 Nc6 6. Nc3 Bf5 7. Qb3 Na5 8.
Qa4+ Bd7 9. Qc2 e6 10. Bd3 Be7 11. Nf3 Nc6 12. a3 Nh5 13. Be5 f6 14. Bg3 f5 15.
Be5 Nf6 16. h3 O-O 17. g4 Ne4 18. gxf5 Rxf5 19. Bxe4 dxe4 20. Qxe4 Qf8 21. Rg1
g6 22. Bf4 Qf7 23. O-O-O Bf6 24. h4 Rc8 25. Ng5 Qe7 26. Kb1 Na5 27. Qd3 Nc4 28.
Rc1 Nxa3+ 29. bxa3 Qxa3 30. Qd2 Rc6 31. Rc2 Rxc3 32. Qxc3 Rb5+ 33. Qb2 Rxb2+ 34.
Rxb2 Qd3+ 35. Ka1 Qa3+ 36. Ra2 Qc3+ 37. Rb2 Bc6 38. f3 Bxg5 39. Rxg5 Qa3+ 40.
Kb1 Bxf3 41. Re5 Be4+ 0-1

[Event "PRO League Group Stage"]
[Site "chess.com INT"]
[Date "2020.01.15"]
[Round "2"]
[White "Plenca, Jadranko"]
[Black "Navara, David"]
[Result "0-1"]
[WhiteTitle "IM"]
[BlackTitle "GM"]
[WhiteElo "2463"]
[BlackElo "2717"]
[WhiteTeam "Croatia Bulldogs"]
[BlackTeam "Hungary Hunters"]
[WhiteFideId "14527146"]
[BlackFideId "309095"]
[EventDate "2020.01.06"]

1. e4 c6 2. Nc3 d5 3. Nf3 Bg4 4. h3 Bxf3 5. Qxf3 e6 6. Be2 Nf6 7. O-O Bc5 8. Rd1
Bd4 9. d3 O-O 10. Bf1 Nbd7 11. Ne2 dxe4 12. dxe4 Ne5 13. Qf4 Ng6 14. Rxd4 Nxf4
15. Rxd8 Nxe2+ 16. Bxe2 Rfxd8 17. f3 e5 18. Be3 Nh5 19. Kf2 Nf4 20. Bf1 Rd7 21.
a4 Rad8 22. g3 Ne6 23. Be2 Nd4 24. Bd3 a5 25. f4 f6 26. Rg1 h6 27. Re1 Kh7 28.
f5 c5 29. Rc1 b6 30. Bc4 Nc6 31. Ke2 Nd4+ 32. Kf2 g6 33. g4 gxf5 34. exf5 e4 35.
Bf4 Nf3 36. Ke3 Rd1 37. Rxd1 Rxd1 38. Kxe4 Rd4+ 39. Kxf3 Rxc4 40. Bc7 Rxc2 41.
Bxb6 Rxb2 42. Bxa5 Rb3+ 43. Ke4 Rxh3 44. Kd5 Ra3 45. Kxc5 Rxa4 46. Bd8 Kg7 0-1

[Event "PRO League Group Stage"]
[Site "chess.com INT"]
[Date "2020.01.15"]
[Round "2"]
[White "Demidov, Mikhail"]
[Black "Solak, Dragan"]
[Result "1/2-1/2"]
[WhiteTitle "IM"]
[BlackTitle "GM"]
[WhiteElo "2552"]
[BlackElo "2594"]
[WhiteTeam "Russia Wizards"]
[BlackTeam "Turkey Knights"]
[WhiteFideId "4197143"]
[BlackFideId "916811"]
[EventDate "2020.01.06"]

1. Nf3 d5 2. g3 c6 3. Bg2 Bg4 4. O-O Nd7 5. h3 Bxf3 6. Bxf3 e5 7. Bg2 Ngf6 8. d3
Bc5 9. c3 O-O 10. Nd2 a5 11. a4 Re8 12. e4 dxe4 13. dxe4 Qc7 14. Qe2 Rad8 15.
Nc4 h6 16. Qf3 Nh7 17. h4 Ra8 18. Rd1 Nb6 19. Ne3 Bxe3 20. Qxe3 Rad8 21. Re1 Nf6
22. Qe2 Nc8 23. Be3 Nd6 24. Qc2 Nc4 25. Bc1 c5 26. b3 Nd6 27. Ba3 b6 28. Rad1
Nb7 29. Bf1 Rxd1 30. Rxd1 Rd8 31. f3 Rxd1 32. Qxd1 Qd7 33. Qxd7 Nxd7 34. Bb5 Nb8
35. Kf2 Kf8 36. b4 Ke7 37. Ke3 Kd6 38. Bc4 f6 39. Bd5 Nc6 40. b5 Ncd8 41. f4 Ke7
42. f5 Nd6 43. g4 N8f7 44. Bc1 Kd7 45. Kf3 Ke7 46. Be3 Kf8 47. Ke2 Ke7 48. Bc1
Kf8 49. Kd3 Ke7 50. Bd2 Kf8 51. Bc1 Ke7 52. Bd2 Kf8 53. Bc1 1/2-1/2

[Event "PRO League Group Stage"]
[Site "chess.com INT"]
[Date "2020.01.15"]
[Round "2"]
[White "Savchenko, Boris"]
[Black "Dastan, Muhammed Batuhan"]
[Result "0-1"]
[WhiteTitle "GM"]
[BlackTitle "GM"]
[WhiteElo "2573"]
[BlackElo "2572"]
[WhiteTeam "Russia Wizards"]
[BlackTeam "Turkey Knights"]
[WhiteFideId "4147332"]
[BlackFideId "6300014"]
[EventDate "2020.01.06"]

1. e4 c5 2. Na3 d6 3. c3 Nf6 4. f4 Nc6 5. d3 g6 6. Be2 Bg7 7. Nf3 Bg4 8. Nc2 O-O
9. Ne3 Bxf3 10. Bxf3 Nd7 11. O-O b5 12. Bd2 b4 13. Qa4 Rc8 14. Rab1 Nb6 15. Qb5
Qd7 16. Rfc1 Rb8 17. Qa6 Rfc8 18. Kf1 e6 19. Be1 h5 20. a3 Kh7 21. axb4 cxb4 22.
d4 d5 23. e5 Bf8 24. Be2 Rc7 25. Rc2 Rbc8 26. Qd3 b3 27. Rd2 Bh6 28. Bxh5 Kg7
29. Ng4 Rh8 30. Qg3 Qc8 31. Nf6 Nd7 32. Nxd7 Rxd7 33. Bd1 Na5 34. Rf2 Rb7 35.
Qg4 Nc4 36. Rf3 a5 37. Be2 Kf8 38. Rh3 Bg7 39. Rxh8+ Bxh8 40. Qh3 Bg7 41. Qh7 a4
42. Kg1 a3 43. Bh4 a2 44. Rf1 Ne3 45. Bf6 Nxf1 46. Qxg7+ Ke8 47. Qg8+ Kd7 48.
Qxf7+ Kc6 49. Qxg6 Ne3 50. Kf2 a1=Q 51. Kxe3 Qxb2 52. Qd3 Rb6 53. c4 Qc1+ 54.
Kf2 Qxc4 55. Qd2 Qc2 56. Qa5 b2 57. Be7 b1=Q 58. Bc5 Qxe2+ 59. Kxe2 Qa6+ 0-1

[Event "PRO League Group Stage"]
[Site "chess.com INT"]
[Date "2020.01.15"]
[Round "2"]
[White "Sanal, Vahap"]
[Black "Chadaev, Nikolai"]
[Result "0-1"]
[WhiteTitle "GM"]
[BlackTitle "GM"]
[WhiteElo "2569"]
[BlackElo "2591"]
[WhiteTeam "Turkey Knights"]
[BlackTeam "Russia Wizards"]
[WhiteFideId "6300545"]
[BlackFideId "4167392"]
[EventDate "2020.01.06"]

1. e4 e5 2. d4 exd4 3. Nf3 Nc6 4. Bc4 Bc5 5. O-O d6 6. c3 d3 7. b4 Bb6 8. a4 a5
9. Qb3 Qf6 10. b5 Ne5 11. Nxe5 dxe5 12. Nd2 Ne7 13. Nf3 h6 14. Be3 O-O 15. Bxb6
cxb6 16. Rfd1 Rd8 17. Rxd3 Rxd3 18. Bxd3 Bg4 19. Ne1 Rc8 20. Nc2 Be6 21. c4 Ng6
22. Ne3 Nf8 23. Be2 Nd7 24. Rd1 Nc5 25. Qc2 Rd8 26. Nd5 Bxd5 27. cxd5 Qf4 28.
Bf3 Rd6 29. Re1 g6 30. Re3 Kg7 31. g3 Qf6 32. Bd1 Rd8 33. Qc3 Qd6 34. h4 h5 35.
Qa1 Rd7 36. Bf3 Rc7 37. Bg2 Nd7 38. Qb2 Rc4 39. Bh3 Nf6 40. Qe2 Rxa4 41. f4 Rb4
42. Kg2 a4 43. Rd3 Rxe4 44. Qd2 exf4 45. gxf4 Rxf4 46. Qc3 a3 47. Rd2 Ra4 48.
Qa1 a2 49. Rd3 Ra5 50. Rf3 Rxb5 51. Be6 Qe7 52. Bd7 Rxd5 53. Ba4 Rd2+ 54. Kh1
Qd6 0-1

[Event "PRO League Group Stage"]
[Site "chess.com INT"]
[Date "2020.01.15"]
[Round "2"]
[White "Firat, Burak"]
[Black "Tomashevsky, Evgeny"]
[Result "1/2-1/2"]
[WhiteTitle "GM"]
[BlackTitle "GM"]
[WhiteElo "2474"]
[BlackElo "2705"]
[WhiteTeam "Turkey Knights"]
[BlackTeam "Russia Wizards"]
[WhiteFideId "6305881"]
[BlackFideId "4147235"]
[EventDate "2020.01.06"]

1. e4 e5 2. Nf3 Nc6 3. Bb5 a6 4. Ba4 Nf6 5. O-O Be7 6. Re1 b5 7. Bb3 O-O 8. a4
Bb7 9. d3 d6 10. Nbd2 Na5 11. Ba2 c5 12. Nf1 b4 13. Bg5 Rb8 14. Ne3 b3 15. Bxb3
Nxb3 16. cxb3 Bc8 17. Nd2 Be6 18. Ndc4 Nd7 19. Bxe7 Qxe7 20. Rc1 Rb4 21. Na5 Nb8
22. Nc2 Bxb3 23. Nxb3 Rxb3 24. d4 Nc6 25. dxc5 dxc5 26. Ne3 Rxb2 27. Nf5 Qf6 28.
Qd5 Nd4 29. Qxc5 Re8 30. Qc8 Rb8 31. Qc4 Nxf5 32. exf5 h6 33. Qe4 a5 34. Rc6 Qd8
35. f6 Rb4 36. Qe3 Qd4 37. Qxd4 Rxd4 38. fxg7 Kxg7 39. g3 Rxa4 40. Rc5 f6 41.
Rb1 Re7 42. Rb6 Ra1+ 43. Kg2 Ra2 44. Ra6 a4 45. Rc4 a3 46. Rc3 h5 47. Rcxa3 Rxa3
48. Rxa3 1/2-1/2

[Event "PRO League Group Stage"]
[Site "chess.com INT"]
[Date "2020.01.15"]
[Round "2"]
[White "Solak, Dragan"]
[Black "Savchenko, Boris"]
[Result "1-0"]
[WhiteTitle "GM"]
[BlackTitle "GM"]
[WhiteElo "2594"]
[BlackElo "2573"]
[WhiteTeam "Turkey Knights"]
[BlackTeam "Russia Wizards"]
[WhiteFideId "916811"]
[BlackFideId "4147332"]
[EventDate "2020.01.06"]

1. e4 g6 2. d4 Bg7 3. Nf3 d6 4. Nc3 Nf6 5. Be2 O-O 6. O-O c6 7. Re1 Qc7 8. Bf4
Nh5 9. Be3 e5 10. Qd2 b5 11. dxe5 dxe5 12. a4 b4 13. Nb1 a5 14. Qc1 Nf4 15. Bf1
h6 16. Nbd2 Nd7 17. Nc4 Ba6 18. g3 Ne6 19. Bxh6 Rfd8 20. Bxg7 Kxg7 21. Qe3 f6
22. Rad1 Ndc5 23. b3 Rxd1 24. Rxd1 Rd8 25. Rxd8 Qxd8 26. Nb2 Bxf1 27. Kxf1 Nd4
28. Nxd4 exd4 29. Qe2 g5 30. f3 Qc7 31. Qc4 Qd6 32. Nd3 Ne6 33. Qa6 Qc7 34. Kg2
Kf7 35. Qa8 c5 36. Qa6 Ke7 37. Qc4 Kd6 38. Qd5+ Ke7 39. e5 f5 40. Nb2 Qd8 41.
Qb7+ Qd7 42. Qxd7+ Kxd7 43. Nc4 d3 44. cxd3 Nd4 45. Nxa5 Ke6 46. f4 g4 47. h4
gxh3+ 48. Kxh3 Ne2 49. Nb7 Kd5 50. a5 Nd4 51. a6 Nb5 52. g4 fxg4+ 53. Kxg4 Kc6
54. f5 1-0

[Event "PRO League Group Stage"]
[Site "chess.com INT"]
[Date "2020.01.15"]
[Round "2"]
[White "Dastan, Muhammed Batuhan"]
[Black "Demidov, Mikhail"]
[Result "1/2-1/2"]
[WhiteTitle "GM"]
[BlackTitle "IM"]
[WhiteElo "2572"]
[BlackElo "2552"]
[WhiteTeam "Turkey Knights"]
[BlackTeam "Russia Wizards"]
[WhiteFideId "6300014"]
[BlackFideId "4197143"]
[EventDate "2020.01.06"]

1. e4 Nf6 2. e5 Nd5 3. d4 d6 4. Bc4 Nb6 5. Bb3 d5 6. c3 Bf5 7. Ne2 e6 8. Ng3
Bxb1 9. Rxb1 c5 10. dxc5 N6d7 11. Qe2 Nxc5 12. Bc2 Nc6 13. O-O g6 14. f4 Bg7 15.
Be3 Nd7 16. c4 dxc4 17. Ne4 O-O 18. Qxc4 Nb6 19. Bxb6 Qxb6+ 20. Qc5 Rfd8 21.
Qxb6 axb6 22. Nd6 Rxa2 23. Be4 Rd7 24. Rfc1 Ra4 25. b4 Rxb4 26. Bxc6 Rxb1 27.
Rxb1 bxc6 28. Rxb6 c5 29. Rb8+ Bf8 30. Ne4 Rd4 31. Nf6+ Kg7 32. g3 h5 33. Ne8+
Kg8 34. Nf6+ Kg7 35. Ne8+ Kh6 36. Nf6 Kg7 1/2-1/2

[Event "PRO League Group Stage"]
[Site "chess.com INT"]
[Date "2020.01.15"]
[Round "2"]
[White "Tomashevsky, Evgeny"]
[Black "Sanal, Vahap"]
[Result "1-0"]
[WhiteTitle "GM"]
[BlackTitle "GM"]
[WhiteElo "2705"]
[BlackElo "2569"]
[WhiteTeam "Russia Wizards"]
[BlackTeam "Turkey Knights"]
[WhiteFideId "4147235"]
[BlackFideId "6300545"]
[EventDate "2020.01.06"]

1. c4 c5 2. Nf3 Nc6 3. Nc3 g6 4. e3 Nf6 5. d4 cxd4 6. exd4 d5 7. cxd5 Nxd5 8.
Qb3 e6 9. Bb5 Bg7 10. O-O O-O 11. Bxc6 bxc6 12. Re1 Qc7 13. Qc2 Nxc3 14. Qxc3
Rd8 15. Be3 Rd5 16. Rac1 c5 17. b4 Bb7 18. bxc5 Qc6 19. Rb1 Rad8 20. Qb3 Ba8 21.
Qb5 Qc8 22. Ne5 Bxe5 23. dxe5 Rxe5 24. f3 f6 25. Qc4 Kf7 26. Bf2 Bd5 27. Qa4
Rxe1+ 28. Rxe1 Rd7 29. a3 Rb7 30. h3 h5 31. Qd4 Qc6 32. h4 Kg7 33. Qd2 Qa4 34.
Qc1 Rb3 35. c6 Qxc6 36. Qxc6 Bxc6 37. Rxe6 Bd5 38. Re7+ Kg8 39. Rxa7 Rb1+ 40.
Kh2 Rd1 41. Be3 Rd3 42. Bh6 Bf7 43. Bc1 Bd5 44. a4 Rc3 45. Bh6 Rc2 46. Kg3 Rc6
47. a5 Bc4 48. Be3 Be2 49. Re7 Rc2 50. Bf2 Ra2 51. Bd4 Rxa5 52. Rxe2 Kf7 53. Rb2
Rd5 54. Rb7+ 1-0